|
|
|
|
| LEADER |
00000nam a2200000Ii 4500 |
| 001 |
DIGCOLMX0353 |
| 003 |
NyNyDIG |
| 007 |
cr ||||||||||| |
| 008 |
220207s2021 mx a ob 001 0 spa d |
| 006 |
m o d |
| 035 |
|
|
|a (OCoLC)1272857339
|
| 040 |
|
|
|a DGITA
|b eng
|e rda
|e pn
|c DGITA
|
| 020 |
|
|
|a 9786075642925
|q eBook
|
| 020 |
|
|
|z 9786075642598
|
| 050 |
1 |
4 |
|a P291 ebook
|
| 082 |
1 |
4 |
|a 415
|
| 245 |
0 |
0 |
|a Sintaxis :
|b de la semántica a la estructura de la información /
|c Sergio Bogard, editor.
|
| 250 |
|
|
|a Primera edición electrónica.
|
| 264 |
|
1 |
|a Ciudad de México :
|b El Colegio de México,
|c [2021]
|
| 300 |
|
|
|a 1 online resource :
|b illustrations.
|
| 336 |
|
|
|a text
|b txt
|2 rdacontent
|
| 337 |
|
|
|a computer
|b c
|2 rdamedia
|
| 338 |
|
|
|a online resource
|b cr
|2 rdacarrier
|
| 347 |
|
|
|a text file
|2 rdaft
|
| 347 |
|
|
|b EPUB
|
| 490 |
1 |
|
|a Estudios de lingüística ;
|v XXXVI
|
| 500 |
|
|
|a "Cátedra Jaime Torres Bodet; Centro de Estudios Lingüísticos y Literarios."
|
| 504 |
|
|
|a Includes bibliographical references and index.
|
| 588 |
0 |
|
|a Online resource; title from ePub title page (Digitalia, viewed February 7, 2021)
|
| 650 |
|
0 |
|a Grammar, Comparative and general
|x Syntax.
|
| 650 |
|
0 |
|a Semantics.
|
| 655 |
|
0 |
|a Electronic books.
|
| 700 |
1 |
|
|a Bogard, Sergio,
|e editor.
|
| 791 |
2 |
|
|a Digitalia (Firm),
|e distributor.
|
| 793 |
0 |
|
|g Digitalia eBook Collection:
|a El Colegio de México
|
| 776 |
0 |
8 |
|i Print version:
|t Sintaxis.
|b Primera edición.
|d México, D.F. : El Colegio de México, [2021]
|z 9786075642598
|
| 830 |
|
0 |
|a Estudios de lingüística (Colegio de México. Centro de Estudios Lingüísticos y Literarios) ;
|v 36.
|
| 856 |
4 |
0 |
|3 Digitalia Hispánica
|u https://www.digitaliapublishing.com/a/105714/
|
| 910 |
|
|
|a Premium collection: 2022
|